| 000 | 00661nam a2200145 a 4500 | ||
|---|---|---|---|
| 008 | 100809s2009 ||||||||||||||||| || u | ||
| 020 | _a9789211170092 | ||
| 050 | _aUN-ECE(02) | ||
| 110 | _aUnited Nations Economic Commission for Europe (UNECE) | ||
| 245 | 1 | 0 | _aUNECE Standard on marketing and commercial quality control of Sweet Peppers: explanatory brochure |
| 260 |
_aNew York _bUnited Nations Economic Commission for Europe (UNECE) _c2009 |
||
| 300 | _aiii, 74p. ;ill. | ||
| 350 | _a0.00 | ||
| 995 |
_D0.00 _FCBU-MAIN LIBRARY (Kitwe) _H1 _I0.00 _M1 _UAVAILABLE _WAug 26, 2010 _ZInternational Publications |
||
| 999 |
_c60772 _d60772 |
||